| 000 | 00780nam a2200217 a 4500 | ||
|---|---|---|---|
| 005 | 20210223130753.0 | ||
| 008 | 081103s1981 mx r 000 0 spa d | ||
| 035 | _aUPN01000164785 | ||
| 049 | _aUNE | ||
| 080 | _a373.3/.4 (5) =20 WIL No.75. | ||
| 100 | 1 | _aWilliams, Alan B. | |
| 245 | 1 | 0 |
_aGroup work in primary schools : _bdiscussion paper on group work and optimum class size / _cby Alan B. Williams. |
| 260 |
_aParís : _bUNESCO ; _aNew York : _bUNICEF, _c1981. |
||
| 300 | _apág. irregular. | ||
| 440 | 0 |
_aNotes, comments... ; _v75 |
|
| 690 | _aEnseñanza primaria - Trabajo en grupo (metodo de enseñanza) | ||
| 690 | _aMetodos de enseñanza - Enseñanza primaria - Asia | ||
| 710 | 2 |
_aUNICEF _924085 |
|
| 710 | 2 | _aPrograma de Alimentación Mundial | |
| 905 | _aUNESCO | ||
| 999 |
_c136897 _d136897 |
||